Constitución de la nación Argentina: texto de 1853 y sus reformas. Organos del poder desde 1810. Normas a partir del 24-3-1976

Պահպանված է:
Մատենագիտական մանրամասներ
Հիմնական հեղինակ: Zarini, Helio Juan (Հեղինակ)
Ձևաչափ: Գիրք
Լեզու:իսպաներեն
Հրապարակվել է: Buenos Aires Astrea 1980
Հրատարակություն:3a. ed
Խորագրեր:
Ցուցիչներ: Ավելացրեք ցուցիչ
Չկան պիտակներ, Եղեք առաջինը, ով նշում է այս գրառումը!

MARC

LEADER 00000nam a2200000 a 4500
001 UCK7505
003 CL-VaPUC
008 051125e19800000AG |||||||||||||||||spa|d
082 0 4 |a 342.82  |b ZAR  |2 21 
100 0 |a Zarini, Helio Juan  |e author  |9 497020 
245 1 0 |a Constitución de la nación Argentina: texto de 1853 y sus reformas. Organos del poder desde 1810. Normas a partir del 24-3-1976 
250 |a 3a. ed 
300 |a 166 p 
942 |c BK 
945 |d 20051125 00:00:00  |a cmena 
260 |a Buenos Aires  |b Astrea  |c 1980 
650 0 |a Derecho constitucional   |9 222588 
650 0 |a Derechos civiles y políticos   |9 338684 
650 0 |a Jurisprudencia  |9 255952 
650 0 |a Fuentes del derecho   |9 255162 
650 0 |a Gobierno   |9 255508 
650 0 |a Soberanía  |9 266726 
650 0 |a Ciudadanía  |9 258339 
651 0 |a Argentina  |9 254888 
583 |a last modification  |c 20051125 00:00:00  |k Rodrigo Vera 
999 |c 315414  |d 315412 
952 |0 0  |1 0  |4 0  |6 342_820000000000000_ZAR_1980  |7 0  |8 A  |9 388625  |a BIBDER  |b BIBDER  |d 2019-11-22  |i 4123255  |o 342.82 ZAR 1980  |p 4123255  |r 2023-01-25  |w 2019-11-22  |y BK  |k DER